000 00240nam a22001217a 4500
040 _cSK
082 _a592
100 _aDUK CHHENG
245 _aសត្តវិទ្យា
260 _aRUA
_bDUK
_c2016
300 _a173p.
942 _cKB
999 _c10836
_d10836